000 00541nam a22001577a 4500
003 ASAB
005 20180827062842.0
008 180514t xxu||||| |||| 00| 0 eng d
040 _cASAB
100 _aAQSA KHURSHID-Sup-Dr. Ayeesha Mujeeb
_93956
245 _aTH-MS-Characterization and Antibacterial of Hexapeptide Based Hydrogel Loaded with Silver Nanoparticles
_cAQSA KHURSHID-Sup-Dr. Ayeesha Mujeeb
260 _aIslamabad
_bASAB NUST
_c2014
300 _axiv, 91 P
_b30 cm
630 _aVirology and Immunology
_93957
942 _2ddc
_cTH
999 _c480878
_d480878